00636nam a22002057a 4500003000400000005001700004008004100021020001800062082002200080100002300102245012500125250001200250260003300262300002600295653003600321653001400357653002000371700001900391700002000410OSt20230424152508.0230424b |||||||| |||| 00| 0 eng d a9781541191554 222a612.044bM11E aMcArdle, William D aExercise Physiology: Nutrition, Energy, and Human Performancecby William D. McArdle, Frank I. Katch and Victor L. Katch a8th ed. aLondonbWolters Kluwerc2015 alix, 1028p.bHardback aExercise--Physiological aspects aNutrition aSports medicine aKatch, Frank I aKatch, Victor L